| 000 | 01620nam a2200325 4500 | ||
|---|---|---|---|
| 003 | OSt | ||
| 005 | 20240502110749.0 | ||
| 007 | cr ||||||a|c|a | ||
| 008 | 240429s2023 mx abd|fom||| 001 0 spa d | ||
| 040 | _erda | ||
| 100 | 1 |
_9189030 _aTafoya Vargas, Jesús Salvador |
|
| 245 | 1 |
_aDiseño de efecto final para la cosecha de naranja (Citrus sinensis) / _cpor Jesús Salvador Tafoya Vargas; dirección Luis Arturo Soriano Avendaño; secretario Ángel Garduño García; vocal Jaime Abraham Ríos Díaz; suplente Sebastián García Humberto; suplente Grau Ulrike |
|
| 264 |
_aChapingo, México : _bEl autor, _c2023. |
||
| 300 |
_a1 recurso en línea (115 páginas). _bIlustraciones, cuadros, mapas, tablas |
||
| 336 |
_2rdacontent _atexto _btxt |
||
| 337 |
_2rdamedia _acomputadora _bc |
||
| 338 |
_2rdacarrier _arecurso en línea _bcr |
||
| 502 |
_bIMAg _cMecánica _d2023 _gLIC |
||
| 504 | _aIncluye referencias bibliográficas: páginas 75-77, contiene anexos de la página 78-106 e índice de figuras | ||
| 650 | 4 |
_998142 _aRobots en agricultura |
|
| 650 | 4 |
_9130025 _aMáquinas herramientas _xDiseño y construcción |
|
| 650 | 4 |
_9161657 _aDiseño de máquinas |
|
| 700 | 1 |
_9188075 _aSoriano Avendaño, Luis Arturo _eDirección |
|
| 700 | 1 |
_9125588 _aGarduño García, Angel _eSecretario |
|
| 700 | 1 |
_9189032 _aRíos Díaz, Jaime Abraham _eVocal |
|
| 700 | 1 |
_9130101 _aSebastián García, Humberto _eSuplente |
|
| 700 | 1 |
_9189033 _aGrau, Ulrike _eSuplente |
|
| 856 |
_uhttp://10.13.5.2/tesis/tl/1312524-2_TAFOYA_VARGAS_JESUSSALVADOR.pdf _zDESCARGAR PDF |
||
| 942 |
_2Clasificación Universidad Autónoma Chapingo _cTD |
||
| 999 |
_c219895 _d219895 |
||